000 00266nam a2200109Ia 4500
008 190216s9999||||xx |||||||||||||| ||und||
100 _aAbu Iringatiri
245 0 _aMalayalam-Sooryan Oru Chan Agale
260 _bSakshi Prakashan
650 _aMalayalam
942 _cBK
999 _c26781
_d26781